[Event "GER-ch U25-A"]
[Site "Willingen"]
[Date "2019.06.12"]
[Round "5"]
[White "Bender, Felix"]
[Black "Brunner, Tobias"]
[Result "1/2-1/2"]
[WhiteElo "1678"]
[BlackElo "2017"]
[PlyCount "41"]
[EventDate "2019.06.08"]
[EventType "swiss"]
[EventRounds "9"]
[EventCountry "GER"]
[SourceTitle "CBM 191 Extra"]
[Source "ChessBase"]
[SourceDate "2019.09.30"]
[SourceVersion "1"]
[SourceVersionDate "2019.09.30"]
[SourceQuality "1"]

1. e4 d5 2. exd5 Qxd5 3. Nc3 Qa5 4. d4 c6 5. Nf3 Bg4 6. Be2 Nf6 7. 0-0 Nbd7 8. Bf4 Bxf3 9. Bxf3 e6 10. Re1 Bb4 11. Bd2 Qc7 12. d5 cxd5 13. Nxd5 Nxd5 14. Bxd5 Bxd2 15. Qxd2 0-0 16. Bf3 Nf6 17. Rad1 Rac8 18. c3 Rfd8 19. Qc2 b6 20. Rxd8+ Rxd8 21. Rd1 1/2-1/2